<?xml version="1.0" encoding="UTF-8"?>
<record
    xmlns:xsi="http://www.w3.org/2001/XMLSchema-instance"
    xsi:schemaLocation="http://www.loc.gov/MARC21/slim http://www.loc.gov/standards/marcxml/schema/MARC21slim.xsd"
    xmlns="http://www.loc.gov/MARC21/slim">

  <leader>00704nam a2200157   4500</leader>
  <controlfield tag="005">20251124121454.0</controlfield>
  <datafield tag="020" ind1=" " ind2=" ">
    <subfield code="a">9786249564800</subfield>
  </datafield>
  <datafield tag="082" ind1=" " ind2=" ">
    <subfield code="a">954.93</subfield>
    <subfield code="b">DIS</subfield>
  </datafield>
  <datafield tag="100" ind1=" " ind2=" ">
    <subfield code="a">&#xDAF;&#xDD2;&#xDC3;&#xDCF;&#xDB1;&#xDCF;&#xDBA;&#xD9A;, &#xD9C;&#xD82;&#xD9C;&#xDCF; &#xDBB;&#xDCF;&#xDA2;&#xDD2;&#xDAB;&#xDD2;</subfield>
    <subfield code="9">850</subfield>
  </datafield>
  <datafield tag="245" ind1=" " ind2=" ">
    <subfield code="a">&#xDB8;&#xDDB;&#xDAD;&#xDCA;&#x200D;&#xDBB;&#xDD3;&#xDB4;&#xDCF;&#xDBD; &#xDC3;&#xDD2;&#xDBB;&#xDD2;&#xDC3;&#xDDA;&#xDB1;: &#xDC3;&#xDD2;&#xDC4;&#xDD2;&#xDB1;&#xDBA; &#xDB1;&#xDDC;&#xDB1;&#xDD2;&#xDB8;&#xDD2;&#xDBA;</subfield>
  </datafield>
  <datafield tag="260" ind1=" " ind2=" ">
    <subfield code="a">&#xDB4;&#xDDC;&#xDC5;&#xDDC;&#xDB1;&#xDCA;&#xDB1;&#xDBB;&#xDD4;&#xDC0;:</subfield>
    <subfield code="b">&#xD9A;&#xDC3;&#xDCA;&#xDAD;&#xDD2;&#xDBB;&#xDB8; &#xDB4;&#xDCA;&#x200D;&#xDBB;&#xD9A;&#xDCF;&#xDC1;&#xD9A;&#xDBA;&#xDDD;,</subfield>
    <subfield code="c">2019.</subfield>
  </datafield>
  <datafield tag="300" ind1=" " ind2=" ">
    <subfield code="a">&#xDB4;&#xDD2;.xxv,365:</subfield>
    <subfield code="b">&#xDA0;&#xDD2;&#xDAD;&#xDCA;&#x200D;&#xDBB;.</subfield>
  </datafield>
  <datafield tag="500" ind1=" " ind2=" ">
    <subfield code="a">&#xDC3;&#xDCA;&#xDC0;&#xDBA;&#xD82; &#xDC3;&#xDCA;&#xDB8;&#xDBB;&#xDAB;&#xDD3;&#xDBA; &#xDB1;&#xDD2;&#xDBD; &#xDA0;&#xDBB;&#xDD2;&#xDAD;&#xDCF;&#xDB4;&#xDAF;&#xDCF;&#xDB1;&#xDBA;</subfield>
  </datafield>
  <datafield tag="650" ind1=" " ind2=" ">
    <subfield code="a">Biography of Former President Maithreepala Sirisena, Sirlana-Past President</subfield>
    <subfield code="9">851</subfield>
  </datafield>
  <datafield tag="942" ind1=" " ind2=" ">
    <subfield code="c">BK</subfield>
  </datafield>
  <datafield tag="999" ind1=" " ind2=" ">
    <subfield code="c">5183</subfield>
    <subfield code="d">5183</subfield>
  </datafield>
  <datafield tag="952" ind1=" " ind2=" ">
    <subfield code="0">0</subfield>
    <subfield code="1">0</subfield>
    <subfield code="7">0</subfield>
    <subfield code="a">IC</subfield>
    <subfield code="b">IC</subfield>
    <subfield code="c">NEW</subfield>
    <subfield code="d">2025-11-11</subfield>
    <subfield code="e">Donation-Former President Maithripala Sirisena</subfield>
    <subfield code="g">9500.00</subfield>
    <subfield code="l">0</subfield>
    <subfield code="o">954.93 DIS</subfield>
    <subfield code="p">007709</subfield>
    <subfield code="r">2025-11-24 12:15:29</subfield>
    <subfield code="w">2025-11-24</subfield>
    <subfield code="y">BK</subfield>
  </datafield>
</record>
